[Event "Cairo Egyptian op"]
[Site "Cairo"]
[Date "2016.04.23"]
[Round "2"]
[White "L'Ami, Alina"]
[Black "Elkady, Moustafa"]
[Result "1-0"]
[WhiteElo "2348"]
[BlackElo "2009"]
[PlyCount "76"]
[EventDate "2016.04.22"]
[EventType "swiss"]
[EventRounds "9"]
[EventCountry "EGY"]
[SourceTitle "CBM 172 Extra"]
[Source "ChessBase"]
[SourceDate "2016.06.21"]
[SourceVersion "1"]
[SourceVersionDate "2016.06.21"]
[SourceQuality "1"]

1. d4 d5 2. c4 c6 3. Nf3 Nf6 4. Nc3 a6 5. Bg5 dxc4 6. a4 h6 7. Bh4 g5 8. Bg3 Qa5 9. Nd2 Nd5 10. Nxc4 Nxc3 11. Qb3 Qd5 12. Qxc3 Nd7 13. e3 Bg7 14. Be2 Qxg2 15. 0-0-0 b5 16. Nd2 Bb7 17. Bf3 Qh3 18. Kb1 0-0 19. Rhg1 Rac8 20. Bg2 Qh5 21. h4 g4 22. Qd3 Rfd8 23. a5 Ba8 24. f3 c5 25. fxg4 Qg6 26. Qxg6 fxg6 27. Bxa8 Rxa8 28. Ne4 c4 29. d5 Be5 30. Bxe5 Nxe5 31. Nc5 Rd6 32. e4 Rf8 33. Ne6 Rf2 34. Rdf1 Rxf1+ 35. Rxf1 Nf7 36. Kc2 Rd7 37. Kc3 Rb7 38. Rxf7 Kxf7 1-0

[Event "Cairo Egyptian op"]
[Site "Cairo"]
[Date "2012.11.12"]
[Round "1"]
[White "Sadek, Sameh"]
[Black "Elkady, Moustafa"]
[Result "1-0"]
[WhiteElo "2342"]
[BlackElo "2053"]
[PlyCount "77"]
[EventDate "2012.11.12"]
[EventType "swiss"]
[EventRounds "9"]
[EventCountry "EGY"]
[SourceTitle "EXT 2014"]
[Source "ChessBase"]
[SourceDate "2013.11.20"]
[SourceVersion "1"]
[SourceVersionDate "2013.11.20"]
[SourceQuality "1"]

1. d4 d5 2. c4 c6 3. Nf3 Nf6 4. e3 Bg4 5. Nc3 e6 6. h3 Bh5 7. b3 Bb4 8. Bd2 Bxc3 9. Bxc3 Ne4 10. Bd2 0-0 11. Be2 Nd7 12. 0-0 Nxd2 13. Qxd2 Nf6 14. c5 Nd7 15. b4 a6 16. a4 Qc7 17. Rfb1 Bg6 18. Rb3 e5 19. Qb2 exd4 20. exd4 Rfe8 21. Bf1 h6 22. b5 axb5 23. axb5 Rxa1 24. Qxa1 Be4 25. Nd2 Qf4 26. Re3 Nf6 27. g3 Qb8 28. Rb3 Qa8 29. Ra3 Qb8 30. Ra7 Nh5 31. bxc6 bxc6 32. Nxe4 dxe4 33. Bc4 e3 34. Bxf7+ Kh8 35. Bxh5 exf2+ 36. Kxf2 Rf8+ 37. Rf7 Rg8 38. Qc1 Qb4 39. Qf4 1-0

[Event "Alexandria op 18th"]
[Site "Alexandria"]
[Date "2012.09.02"]
[Round "7"]
[White "Sobh, Amrou"]
[Black "Elkady, Moustafa"]
[Result "1-0"]
[WhiteElo "2195"]
[BlackElo "2027"]
[PlyCount "93"]
[EventDate "2012.08.27"]
[EventType "swiss"]
[EventRounds "9"]
[EventCountry "EGY"]
[SourceTitle "CBM 150 Extra"]
[Source "ChessBase"]
[SourceDate "2012.10.19"]
[SourceVersion "1"]
[SourceVersionDate "2012.10.19"]
[SourceQuality "1"]

1. e4 e6 2. d4 d5 3. Nd2 Nf6 4. e5 Nfd7 5. Bd3 c5 6. c3 Nc6 7. Ne2 Qb6 8. Nf3 Be7 9. 0-0 cxd4 10. cxd4 f6 11. exf6 Nxf6 12. a3 Bd7 13. b4 Rc8 14. Bf4 0-0 15. Ne5 Be8 16. Kh1 Nxe5 17. dxe5 Ng4 18. Qe1 g5 19. Bg3 h5 20. h3 Nh6 21. f4 g4 22. Bf2 Qd8 23. Bxa7 Bh4 24. Bf2 Be7 25. Nd4 Bd7 26. Bg3 h4 27. Bh2 gxh3 28. gxh3 Kh8 29. Qe2 Qe8 30. Rg1 Nf5 31. Bxf5 exf5 32. Rg2 Rc4 33. Bg1 Rg8 34. Rxg8+ Qxg8 35. Be3 Qh7 36. Rg1 Be8 37. Qd3 Bh5 38. Kh2 Bg6 39. Bc1 Qh5 40. Bb2 Kh7 41. Rg2 Bf8 42. Rg5 Qh6 43. Qd2 Be7 44. Rg2 Bd8 45. Ne6 Be7 46. Qxd5 Rxf4 47. Qxb7 1-0

[Event "Alexandria op 18th"]
[Site "Alexandria"]
[Date "2012.08.30"]
[Round "4"]
[White "Elkady, Moustafa"]
[Black "Naby, Saiid A"]
[Result "1-0"]
[WhiteElo "2027"]
[BlackElo "2287"]
[PlyCount "59"]
[EventDate "2012.08.27"]
[EventType "swiss"]
[EventRounds "9"]
[EventCountry "EGY"]
[SourceTitle "CBM 150 Extra"]
[Source "ChessBase"]
[SourceDate "2012.10.19"]
[SourceVersion "1"]
[SourceVersionDate "2012.10.19"]
[SourceQuality "1"]

1. d4 Nf6 2. Nf3 d5 3. c4 c6 4. cxd5 cxd5 5. Nc3 Nc6 6. Ne5 e6 7. f4 Qb6 8. e3 Bb4 9. Bd3 Bd7 10. a3 Be7 11. Bd2 g6 12. 0-0 a6 13. b4 Rc8 14. Na4 Qd8 15. Nc5 Rc7 16. Rc1 Bxc5 17. bxc5 Qe7 18. Rb1 Ne4 19. Bxe4 dxe4 20. Nc4 0-0 21. Nd6 Bc8 22. Nxe4 f5 23. Nd6 Qf6 24. Rb3 Rd7 25. Bc3 Rxd6 26. cxd6 Qf7 27. Rb6 Rd8 28. d5 exd5 29. Rxc6 bxc6 30. Qd4 1-0

[Event "Egypt op"]
[Site "Egypt"]
[Date "2009.07.21"]
[Round "2"]
[White "Abdel Samee, Mohamed"]
[Black "Elkady, Moustafa"]
[Result "1-0"]
[WhiteElo "2235"]
[BlackElo "1981"]
[PlyCount "61"]
[EventDate "2009.07.20"]
[EventType "swiss"]
[EventRounds "9"]
[EventCountry "EGY"]
[SourceTitle "EXT 2011"]
[Source "ChessBase"]
[SourceDate "2010.11.26"]
[SourceVersion "1"]
[SourceVersionDate "2010.11.26"]
[SourceQuality "1"]

1. e4 e6 2. b3 d5 3. Bb2 Nf6 4. e5 Nfd7 5. f4 c5 6. d4 cxd4 7. a3 Nc6 8. Nf3 b5 9. b4 a6 10. Nbd2 Nb6 11. Nxd4 Qc7 12. Nxc6 Qxc6 13. Nb3 Nc4 14. Bd4 Nxa3 15. c3 Nc4 16. Qf3 Be7 17. Bd3 0-0 18. 0-0 g6 19. Qg4 f5 20. exf6 e5 21. Qg3 Bxf6 22. fxe5 Bg7 23. Rxf8+ Bxf8 24. Rf1 Bg7 25. h4 Qc7 26. h5 Bxe5 27. Qf3 Be6 28. hxg6 hxg6 29. Bxg6 Qg7 30. Qh5 Rf8 31. Bh7+ 1-0